| 000 | 00563nam a22001937a 4500 | ||
|---|---|---|---|
| 005 | 20260415103828.0 | ||
| 008 | 260415b |||||||| |||| 00| 0 eng d | ||
| 020 | _a978-93-5350-626-1 | ||
| 050 | _aHV 8079 .C65 N45 2019 | ||
| 100 | _aNELSON, BILL | ||
| 245 | _aGUIDE TO COMPUTER FORENSICS AND INVESTIGATIONS. | ||
| 250 | _a6TH | ||
| 260 |
_aAUSTRALIA, _bCENGAGE, _c2019. |
||
| 300 | _aXXX, 738 P, ILL | ||
| 500 | _aINCLUDES INDEX. | ||
| 650 | _a1. COMPUTER CRIMES - INVESTIGATION 2. COMPUTER FORENSICS | ||
| 700 | _aPHILIPS, AMELIA. | ||
| 942 |
_2lcc _cBK |
||
| 999 |
_c216965 _d216965 |
||